Taylor Swift song - one word at the time #18 - Statistics

General Stats
  • This quiz has been taken 17 times
  • The average score is 288 of 409
Answer Stats
Answer % Correct
a
100%
And
100%
and
100%
I
100%
I'm
100%
we
100%
me
94%
the
94%
The
94%
you
94%
go
88%
he
88%
he's
88%
in
88%
know
88%
Like
88%
like
88%
No
88%
your
88%
Your
88%
I'm
82%
it
82%
just
82%
my
82%
on
82%
they
82%
When
82%
At
76%
at
76%
from
76%
not
76%
of
76%
right
76%
Right
76%
This
76%
time
76%
to
76%
us
76%
about
71%
all
71%
as
71%
bad
71%
before
71%
But
71%
by
71%
down
71%
Ever
71%
story
71%
was
71%
Cause
65%
get
65%
hole
65%
If
65%
if
65%
Long
65%
Now
65%
now
65%
rabbit
65%
short
65%
there's
65%
things
65%
til
65%
up
65%
wrong
65%
Yeah
65%
yeah
65%
evermore
59%
fell
59%
keep
59%
look
59%
more
59%
once
59%
ah
53%
always
53%
back
53%
better
53%
break
53%
chance
53%
feels
53%
fits
53%
guy
53%
high
53%
keepin
53%
long story short
53%
lost
53%
nearest
53%
pedestal
53%
score
53%
shoe
53%
someone
53%
swing
53%
these
53%
walk
53%
war
53%
alley
47%
everywhere
47%
heels
47%
held
47%
lips
47%
meet
47%
Past
47%
Pushed
47%
ready
47%
shore
47%
sides
47%
sleep
47%
surrounded
47%
survived
47%
tell
47%
themselves
47%
tug
47%
warm
47%
Will
47%
words
47%
battle
41%
both
41%
bushes
41%
Clung
41%
comes
41%
defeat
41%
door
41%
golden
41%
home
41%
keys
41%
knocked
41%
live
41%
Misery
41%
must
41%
passed
41%
peace
41%
pick
41%
picked
41%
precipice
41%
rear
41%
shouted
41%
tried
41%
view
41%
waves
41%
ways
41%
battles
35%
comet
35%
Fatefully
35%
dropped
35%
gates
35%
passing
35%
petty
35%
sky
35%
sword
35%
threw
35%
wanna
35%
Actually
29%
cuts
29%
glimmer
29%
knife
29%
Missing
29%
nemeses
29%
Rare
29%
cliff
24%
felt
24%
Climed
6%
No matching quizzes found
Score Distribution
Percent of People with Each Score
Percentile by Number Answered
Your Score History
You have not taken this quiz